World Capitals Closest to the Mediterranean Sea - Statistics

General Stats
  • This quiz has been taken 804 times
    802 since last reset
  • The average score is 16 of 20
Answer Stats
km capital miles % Correct
0 Rome 0
98%
0 Athens 0
95%
0 Tunis 0
91%
0 Algiers 0
87%
109 Zagreb 68
85%
48 Jerusalem 30
84%
0 Monaco 0
84%
21 Tirana 13
82%
0 Tripoli 0
82%
22 Vatican City 14
82%
0 Beirut 0
80%
18 San Marino 11
79%
0 Valletta 0
79%
66 Ljubljana 41
75%
15 Nicosia 9
75%
111 Sarajevo 69
74%
78 Damascus 48
72%
33 Podgorica 21
71%
100 Amman 62
61%
125 Andorra la Vella 78
41%
No matching quizzes found
Score Distribution
Percent of People with Each Score
Percentile by Number Answered
Your Score History
You have not taken this quiz since the last reset